[Event "DVM U20 2020"]
[Site "Willingen GER"]
[Date "2021.06.26"]
[Round "6"]
[White "Holinka, Henning"]
[Black "Garbuz, Vitaliy"]
[Result "1-0"]
[Termination "normal"]
[Board "4.2"]
[WhiteElo "2256"]
[BlackElo "2112"]
[WhiteClock "00:28:27"]
[BlackClock "00:29:04"]
[WhiteTeam "Hamburger SK von 1830"]
[BlackTeam "Schachfreunde Brackel 1930 e. V."]
[PlyCount "83"]
[WhiteFideId "12967084"]
[BlackFideId "12990710"]
[EventCountry "GER"]
[EventRounds "7"]
[EventType "team-swiss"]
[EventDate "2021.06.23"]

1. e4 {[%clk 01:30:57]} {[%emt 00:00:02]} c5 {[%clk 01:30:08]} {[%emt
00:00:53]} 2. Nf3 {[%clk 01:31:19]} {[%emt 00:00:08]} Nc6 {[%clk 01:30:33]}
{[%emt 00:00:05]} 3. d4 {[%clk 01:31:42]} {[%emt 00:00:07]} cxd4 {[%clk
01:30:58]} {[%emt 00:00:05]} 4. Nxd4 {[%clk 01:32:07]} {[%emt 00:00:05]} Nf6
{[%clk 01:31:21]} {[%emt 00:00:07]} 5. Nc3 {[%clk 01:32:26]} {[%emt 00:00:10]}
e5 {[%clk 01:31:46]} {[%emt 00:00:06]} 6. Ndb5 {[%clk 01:32:35]} {[%emt
00:00:21]} d6 {[%clk 01:32:04]} {[%emt 00:00:11]} 7. Bg5 {[%clk 01:29:56]}
{[%emt 00:03:10]} a6 {[%clk 01:32:26]} {[%emt 00:00:08]} 8. Na3 {[%clk
01:30:19]} {[%emt 00:00:07]} b5 {[%clk 01:32:49]} {[%emt 00:00:07]} 9. Nd5
{[%clk 01:26:34]} {[%emt 00:04:15]} Be7 {[%clk 01:33:07]} {[%emt 00:00:11]} 10.
Bxf6 {[%clk 01:26:22]} {[%emt 00:00:43]} Bxf6 {[%clk 01:33:23]} {[%emt
00:00:13]} 11. c3 {[%clk 01:25:46]} {[%emt 00:01:07]} Rb8 {[%clk 01:33:37]}
{[%emt 00:00:17]} 12. Nc2 {[%clk 01:24:16]} {[%emt 00:01:59]} Bg5 {[%clk
01:33:50]} {[%emt 00:00:16]} 13. Bd3 {[%clk 01:23:16]} {[%emt 00:01:30]} O-O
{[%clk 01:33:52]} {[%emt 00:00:29]} 14. O-O {[%clk 01:22:20]} {[%emt 00:01:26]}
a5 {[%clk 01:30:05]} {[%emt 00:04:17]} 15. b4 {[%clk 01:16:00]} {[%emt
00:06:51]} Be6 {[%clk 01:27:54]} {[%emt 00:02:40]} 16. a4 {[%clk 01:13:03]}
{[%emt 00:03:26]} bxa4 {[%clk 01:26:50]} {[%emt 00:01:35]} 17. b5 {[%clk
01:12:37]} {[%emt 00:00:56]} Na7 {[%clk 01:22:58]} {[%emt 00:04:21]} 18. c4
{[%clk 01:12:10]} {[%emt 00:00:58]} Nc8 {[%clk 01:23:09]} {[%emt 00:00:18]} 19.
Rxa4 {[%clk 01:09:14]} {[%emt 00:03:27]} Nb6 {[%clk 01:08:07]} {[%emt
00:15:32]} 20. Ra3 {[%clk 01:07:21]} {[%emt 00:02:23]} Bxd5 {[%clk 01:03:46]}
{[%emt 00:04:51]} 21. exd5 {[%clk 00:55:59]} {[%emt 00:11:51]} Rc8 {[%clk
00:53:58]} {[%emt 00:10:19]} 22. Qe2 {[%clk 00:46:40]} {[%emt 00:09:49]} f5
{[%clk 00:52:14]} {[%emt 00:02:13]} 23. f3 {[%clk 00:46:28]} {[%emt 00:00:43]}
Qc7 {[%clk 00:49:31]} {[%emt 00:03:12]} 24. Kh1 {[%clk 00:45:11]} {[%emt
00:01:47]} Nd7 {[%clk 00:46:26]} {[%emt 00:03:35]} 25. Rb1 {[%clk 00:33:26]}
{[%emt 00:12:15]} Rce8 {[%clk 00:43:41]} {[%emt 00:03:15]} 26. Qf2 {[%clk
00:28:04]} {[%emt 00:05:52]} e4 {[%clk 00:32:21]} {[%emt 00:11:51]} 27. Be2
{[%clk 00:27:18]} {[%emt 00:01:15]} Nb6 {[%clk 00:18:28]} {[%emt 00:14:24]} 28.
f4 {[%clk 00:16:09]} {[%emt 00:11:39]} Bf6 {[%clk 00:18:39]} {[%emt 00:00:19]}
29. Rxa5 {[%clk 00:13:23]} {[%emt 00:03:16]} e3 {[%clk 00:14:21]} {[%emt
00:04:47]} 30. Qe1 {[%clk 00:07:57]} {[%emt 00:05:56]} Nxc4 {[%clk 00:08:47]}
{[%emt 00:06:05]} 31. Ra6 {[%clk 00:06:19]} {[%emt 00:02:08]} Nd2 {[%clk
00:08:02]} {[%emt 00:01:14]} 32. Rc6 {[%clk 00:06:00]} {[%emt 00:00:50]} Qe7
{[%clk 00:06:29]} {[%emt 00:02:03]} 33. Rb4 {[%clk 00:05:01]} {[%emt 00:01:28]}
Rc8 {[%clk 00:03:50]} {[%emt 00:03:10]} 34. Bd3 {[%clk 00:02:48]} {[%emt
00:02:43]} Bc3 {[%clk 00:03:17]} {[%emt 00:01:03]} 35. Ra4 {[%clk 00:02:44]}
{[%emt 00:00:34]} Qf7 {[%clk 00:01:45]} {[%emt 00:01:59]} 36. Nxe3 {[%clk
00:01:41]} {[%emt 00:01:36]} Ne4 {[%clk 00:00:35]} {[%emt 00:01:41]} 37. Qe2
{[%clk 00:01:20]} {[%emt 00:00:50]} Nc5 {[%clk 00:00:34]} {[%emt 00:00:31]} 38.
Bxf5 {[%clk 00:00:49]} {[%emt 00:01:01]} Qf6 {[%clk 00:00:37]} {[%emt
00:00:26]} 39. Bxc8 {[%clk 00:00:46]} {[%emt 00:00:33]} Nxa4 {[%clk 00:00:50]}
{[%emt 00:00:18]} 40. Be6+ {[%clk 00:00:52]} {[%emt 00:00:24]} Kh8 {[%clk
00:01:11]} {[%emt 00:00:09]} 41. Rc4 {[%clk 00:28:27]} {[%emt 00:02:55]} Ra8
{[%clk 00:29:04]} {[%emt 00:02:37]} 42. Qa2 {[%emt 00:07:21]} 1-0

[Event "DVM U20 2020"]
[Site "Willingen GER"]
[Date "2021.06.26"]
[Round "6"]
[White "Kartsev, Nikolay"]
[Black "Meyling, Lennart"]
[Result "1/2-1/2"]
[Termination "normal"]
[Board "4.3"]
[WhiteElo "2043"]
[BlackElo "2044"]
[WhiteClock "00:02:37"]
[BlackClock "00:29:03"]
[WhiteTeam "Schachfreunde Brackel 1930 e. V."]
[BlackTeam "Hamburger SK von 1830"]
[PlyCount "169"]
[WhiteFideId "12939536"]
[BlackFideId "12947130"]
[EventCountry "GER"]
[EventRounds "7"]
[EventType "team-swiss"]
[EventDate "2021.06.23"]

1. e4 {[%clk 01:30:56]} {[%emt 00:00:03]} d5 {[%clk 01:29:31]} {[%emt
00:01:29]} 2. exd5 {[%clk 01:30:44]} {[%emt 00:00:44]} Qxd5 {[%clk 01:28:28]}
{[%emt 00:01:32]} 3. Nc3 {[%clk 01:30:53]} {[%emt 00:00:21]} Qd6 {[%clk
01:27:23]} {[%emt 00:01:34]} 4. d4 {[%clk 01:31:18]} {[%emt 00:00:05]} Nf6
{[%clk 01:25:38]} {[%emt 00:02:13]} 5. Nf3 {[%clk 01:29:15]} {[%emt 00:02:36]}
c6 {[%clk 01:23:37]} {[%emt 00:02:29]} 6. g3 {[%clk 01:29:27]} {[%emt
00:00:21]} Bg4 {[%clk 01:20:06]} {[%emt 00:04:01]} 7. Bg2 {[%clk 01:28:27]}
{[%emt 00:01:29]} Nbd7 {[%clk 01:17:33]} {[%emt 00:03:03]} 8. O-O {[%clk
01:26:41]} {[%emt 00:02:16]} e6 {[%clk 01:15:59]} {[%emt 00:02:03]} 9. Bf4
{[%clk 01:13:10]} {[%emt 00:14:02]} Qb4 {[%clk 01:14:31]} {[%emt 00:01:57]} 10.
Qd2 {[%clk 01:08:22]} {[%emt 00:05:19]} Be7 {[%clk 01:07:57]} {[%emt 00:07:02]}
11. a3 {[%clk 01:03:37]} {[%emt 00:05:16]} Qb6 {[%clk 01:07:39]} {[%emt
00:00:47]} 12. Ne5 {[%clk 01:00:02]} {[%emt 00:04:06]} Nxe5 {[%clk 01:04:27]}
{[%emt 00:03:42]} 13. Bxe5 {[%clk 00:58:15]} {[%emt 00:02:18]} Bf5 {[%clk
01:03:07]} {[%emt 00:01:50]} 14. Na4 {[%clk 00:41:54]} {[%emt 00:16:50]} Qd8
{[%clk 01:02:38]} {[%emt 00:00:59]} 15. c4 {[%clk 00:38:49]} {[%emt 00:03:36]}
O-O {[%clk 01:02:09]} {[%emt 00:00:58]} 16. Rfd1 {[%clk 00:32:34]} {[%emt
00:06:46]} Rc8 {[%clk 00:55:06]} {[%emt 00:07:32]} 17. Rac1 {[%clk 00:31:05]}
{[%emt 00:02:00]} Re8 {[%clk 00:50:51]} {[%emt 00:04:44]} 18. h3 {[%clk
00:28:48]} {[%emt 00:02:48]} Bd6 {[%clk 00:47:24]} {[%emt 00:03:56]} 19. Qf4
{[%clk 00:26:13]} {[%emt 00:03:05]} Bb8 {[%clk 00:44:46]} {[%emt 00:03:08]} 20.
Nc5 {[%clk 00:23:59]} {[%emt 00:02:45]} Qe7 {[%clk 00:44:55]} {[%emt 00:00:20]}
21. b4 {[%clk 00:20:21]} {[%emt 00:04:08]} Red8 {[%clk 00:41:32]} {[%emt
00:03:53]} 22. Qg5 {[%clk 00:19:34]} {[%emt 00:01:18]} b6 {[%clk 00:37:17]}
{[%emt 00:04:45]} 23. Na6 {[%clk 00:14:51]} {[%emt 00:05:13]} Bxe5 {[%clk
00:34:38]} {[%emt 00:03:08]} 24. dxe5 {[%clk 00:12:46]} {[%emt 00:02:36]} Nd5
{[%clk 00:35:02]} {[%emt 00:00:06]} 25. Qxe7 {[%clk 00:11:28]} {[%emt
00:01:48]} Nxe7 {[%clk 00:35:16]} {[%emt 00:00:15]} 26. Rd6 {[%clk 00:11:46]}
{[%emt 00:00:11]} Re8 {[%clk 00:23:32]} {[%emt 00:12:16]} 27. g4 {[%clk
00:10:50]} {[%emt 00:01:26]} Bg6 {[%clk 00:23:52]} {[%emt 00:00:10]} 28. Rcd1
{[%clk 00:10:53]} {[%emt 00:00:27]} Bc2 {[%clk 00:24:07]} {[%emt 00:00:14]} 29.
R1d2 {[%clk 00:10:14]} {[%emt 00:01:09]} Bb3 {[%clk 00:24:28]} {[%emt
00:00:10]} 30. Rd7 {[%clk 00:08:05]} {[%emt 00:02:38]} Ng6 {[%clk 00:23:58]}
{[%emt 00:01:00]} 31. c5 {[%clk 00:07:27]} {[%emt 00:01:08]} Nxe5 {[%clk
00:23:09]} {[%emt 00:01:19]} 32. Rxa7 {[%clk 00:07:49]} {[%emt 00:00:08]} bxc5
{[%clk 00:22:29]} {[%emt 00:01:10]} 33. f4 {[%clk 00:06:00]} {[%emt 00:02:18]}
Ng6 {[%clk 00:20:43]} {[%emt 00:02:17]} 34. Rdd7 {[%clk 00:06:12]} {[%emt
00:00:18]} Rf8 {[%clk 00:20:20]} {[%emt 00:00:53]} 35. Nxc5 {[%clk 00:06:38]}
{[%emt 00:00:05]} Bc4 {[%clk 00:20:11]} {[%emt 00:00:39]} 36. f5 {[%clk
00:05:41]} {[%emt 00:01:27]} exf5 {[%clk 00:19:10]} {[%emt 00:01:31]} 37. gxf5
{[%emt 00:00:14]} Nf4 {[%clk 00:18:48]} {[%emt 00:00:49]} 38. Nb7 {[%clk
00:03:08]} {[%emt 00:03:17]} Nxg2 {[%clk 00:17:44]} {[%emt 00:01:37]} 39. Kxg2
{[%clk 00:03:30]} {[%emt 00:00:09]} Ra8 {[%clk 00:17:22]} {[%emt 00:00:52]} 40.
Rxa8 {[%clk 00:00:59]} {[%emt 00:03:02]} Rxa8 {[%clk 00:17:15]} {[%emt
00:00:37]} 41. Rd8+ {[%clk 00:24:31]} {[%emt 00:06:58]} Rxd8 {[%clk 00:47:14]}
{[%emt 00:00:29]} 42. Nxd8 {[%clk 00:24:59]} {[%emt 00:00:03]} Kf8 {[%clk
00:46:35]} {[%emt 00:01:09]} 43. Nb7 {[%clk 00:24:18]} {[%emt 00:01:09]} Ke7
{[%clk 00:46:15]} {[%emt 00:00:52]} 44. a4 {[%clk 00:24:16]} {[%emt 00:00:32]}
Kd7 {[%clk 00:45:30]} {[%emt 00:01:15]} 45. Nc5+ {[%clk 00:23:41]} {[%emt
00:01:04]} Kc7 {[%clk 00:45:50]} {[%emt 00:00:11]} 46. Kg3 {[%clk 00:20:55]}
{[%emt 00:03:16]} Be2 {[%clk 00:45:03]} {[%emt 00:01:16]} 47. Kf4 {[%clk
00:19:36]} {[%emt 00:01:49]} Bd1 {[%clk 00:45:08]} {[%emt 00:00:26]} 48. f6
{[%clk 00:18:22]} {[%emt 00:01:44]} gxf6 {[%clk 00:41:22]} {[%emt 00:04:16]}
49. Kf5 {[%clk 00:18:33]} {[%emt 00:00:18]} Bc2+ {[%clk 00:40:01]} {[%emt
00:01:52]} 50. Kxf6 {[%clk 00:17:24]} {[%emt 00:01:39]} Bg6 {[%clk 00:40:27]}
{[%emt 00:00:05]} 51. Ke5 {[%clk 00:11:01]} {[%emt 00:06:50]} Bc2 {[%clk
00:38:16]} {[%emt 00:02:44]} 52. Kf6 {[%clk 00:10:16]} {[%emt 00:01:14]} Bg6
{[%clk 00:38:40]} {[%emt 00:00:07]} 53. h4 {[%clk 00:10:43]} {[%emt 00:00:03]}
Kb6 {[%clk 00:37:06]} {[%emt 00:02:04]} 54. Kg5 {[%clk 00:09:07]} {[%emt
00:02:05]} h5 {[%clk 00:31:35]} {[%emt 00:06:01]} 55. a5+ {[%clk 00:08:10]}
{[%emt 00:01:28]} Kb5 {[%clk 00:31:47]} {[%emt 00:00:18]} 56. Kf6 {[%clk
00:08:12]} {[%emt 00:00:27]} Bc2 {[%clk 00:30:45]} {[%emt 00:01:32]} 57. Kxf7
{[%clk 00:08:06]} {[%emt 00:00:36]} Bd1 {[%clk 00:30:22]} {[%emt 00:00:52]} 58.
Ke7 {[%clk 00:06:47]} {[%emt 00:01:49]} Bg4 {[%clk 00:28:21]} {[%emt 00:02:33]}
59. Kd6 {[%clk 00:06:07]} {[%emt 00:01:09]} Be2 {[%clk 00:28:37]} {[%emt
00:00:14]} 60. a6 {[%clk 00:02:46]} {[%emt 00:03:51]} Kb6 {[%clk 00:29:00]}
{[%emt 00:00:08]} 61. a7 {[%clk 00:03:00]} {[%emt 00:00:15]} Kxa7 {[%clk
00:29:18]} {[%emt 00:00:11]} 62. Kxc6 {[%clk 00:03:27]} {[%emt 00:00:04]} Bf3+
{[%clk 00:28:45]} {[%emt 00:01:03]} 63. Kc7 {[%clk 00:02:40]} {[%emt 00:01:18]}
Be2 {[%clk 00:28:45]} {[%emt 00:00:29]} 64. Kc6 {[%clk 00:02:45]} {[%emt
00:00:26]} Bf3+ {[%clk 00:29:02]} {[%emt 00:00:13]} 65. Kc7 {[%clk 00:01:28]}
{[%emt 00:01:46]} Be2 {[%clk 00:29:22]} {[%emt 00:00:11]} 66. Ne6 {[%clk
00:01:48]} {[%emt 00:00:09]} Ka6 {[%clk 00:26:16]} {[%emt 00:03:35]} 67. Nd4
{[%clk 00:01:56]} {[%emt 00:00:24]} Bb5 {[%clk 00:25:24]} {[%emt 00:01:22]} 68.
Kd6 {[%clk 00:01:10]} {[%emt 00:01:15]} Kb6 {[%clk 00:25:31]} {[%emt 00:00:24]}
69. Ke7 {[%clk 00:01:02]} {[%emt 00:00:38]} Ba4 {[%clk 00:25:34]} {[%emt
00:00:26]} 70. Kf6 {[%clk 00:00:59]} {[%emt 00:00:33]} Bd1 {[%clk 00:25:14]}
{[%emt 00:02:06]} 71. Kg5 {[%clk 00:01:12]} Ka6 {[%clk 00:24:54]} 72. Kf4
{[%clk 00:01:19]} {[%emt 00:00:22]} Kb6 {[%clk 00:25:14]} {[%emt 00:00:03]} 73.
Kg5 {[%clk 00:01:48]} Ka6 {[%clk 00:25:34]} {[%emt 00:00:38]} 74. Nf5 {[%clk
00:02:07]} Kb5 {[%clk 00:25:55]} 75. Ng3 {[%clk 00:02:22]} {[%emt 00:00:06]}
Kxb4 {[%clk 00:26:19]} {[%emt 00:00:05]} 76. Nxh5 {[%clk 00:02:47]} {[%emt
00:00:06]} Kc5 {[%clk 00:26:42]} {[%emt 00:00:07]} 77. Nf4 {[%clk 00:01:23]}
{[%emt 00:01:54]} Kd6 {[%clk 00:26:59]} {[%emt 00:00:12]} 78. Kf6 {[%clk
00:01:52]} Bf3 {[%clk 00:27:04]} {[%emt 00:00:26]} 79. Ng6 {[%clk 00:02:06]}
{[%emt 00:00:15]} Bd1 {[%clk 00:27:24]} {[%emt 00:00:12]} 80. Ne5 {[%clk
00:02:15]} {[%emt 00:00:20]} Be2 {[%clk 00:27:43]} {[%emt 00:00:12]} 81. Kf5
{[%clk 00:02:10]} {[%emt 00:00:34]} Bd1 {[%clk 00:28:02]} {[%emt 00:00:12]} 82.
Nc4+ {[%clk 00:02:01]} {[%emt 00:00:39]} Ke7 {[%clk 00:28:22]} {[%emt
00:00:10]} 83. Ne3 {[%clk 00:02:17]} {[%emt 00:00:13]} Be2 {[%clk 00:28:47]}
{[%emt 00:00:06]} 84. Nd5+ {[%clk 00:02:23]} {[%emt 00:00:25]} Kf8 {[%clk
00:29:03]} {[%emt 00:00:13]} 85. Nf4 {[%clk 00:02:37]} {[%emt 00:00:15]}
1/2-1/2

[Event "DVM U20 2020"]
[Site "Willingen GER"]
[Date "2021.06.26"]
[Round "6"]
[White "Rogozenco, Teodora"]
[Black "Skabs, Denis"]
[Result "0-1"]
[Termination "normal"]
[Board "4.4"]
[WhiteTitle "WFM"]
[WhiteElo "1978"]
[BlackElo "1939"]
[WhiteClock "00:07:05"]
[BlackClock "00:07:03"]
[WhiteTeam "Hamburger SK von 1830"]
[BlackTeam "Schachfreunde Brackel 1930 e. V."]
[PlyCount "112"]
[WhiteFideId "12938084"]
[BlackFideId "16248449"]
[EventCountry "GER"]
[EventRounds "7"]
[EventType "team-swiss"]
[EventDate "2021.06.23"]

1. d4 {[%clk 01:30:56]} {[%emt 00:00:03]} d5 {[%clk 01:30:56]} {[%emt
00:00:06]} 2. c4 {[%clk 01:31:07]} {[%emt 00:00:18]} e6 {[%clk 01:31:22]}
{[%emt 00:00:04]} 3. cxd5 {[%clk 01:31:22]} {[%emt 00:00:15]} exd5 {[%clk
01:31:47]} {[%emt 00:00:06]} 4. Nc3 {[%clk 01:31:43]} {[%emt 00:00:09]} Bf5
{[%clk 01:31:33]} {[%emt 00:00:43]} 5. Qb3 {[%clk 01:30:40]} {[%emt 00:01:33]}
Nc6 {[%clk 01:31:12]} {[%emt 00:00:51]} 6. Be3 {[%clk 01:25:44]} {[%emt
00:05:26]} Nf6 {[%clk 01:24:15]} {[%emt 00:07:27]} 7. Nf3 {[%clk 01:14:10]}
{[%emt 00:12:04]} Bb4 {[%clk 01:16:36]} {[%emt 00:08:08]} 8. Ne5 {[%clk
01:00:19]} {[%emt 00:14:21]} Qd6 {[%clk 01:00:18]} {[%emt 00:16:49]} 9. g3
{[%clk 00:33:51]} {[%emt 00:26:58]} Bxc3+ {[%clk 00:48:35]} {[%emt 00:12:12]}
10. Qxc3 {[%clk 00:24:56]} {[%emt 00:09:25]} Ne4 {[%clk 00:47:36]} {[%emt
00:01:29]} 11. Qb3 {[%clk 00:24:45]} {[%emt 00:00:41]} Nxe5 {[%clk 00:45:42]}
{[%emt 00:02:24]} 12. dxe5 {[%clk 00:25:10]} {[%emt 00:00:06]} Qxe5 {[%clk
00:45:42]} {[%emt 00:00:30]} 13. O-O-O {[%clk 00:25:33]} {[%emt 00:00:06]} c6
{[%clk 00:43:41]} {[%emt 00:02:31]} 14. Bd4 {[%clk 00:23:32]} {[%emt 00:02:31]}
Qe7 {[%clk 00:43:15]} {[%emt 00:00:56]} 15. f3 {[%clk 00:22:38]} {[%emt
00:01:25]} Nc5 {[%clk 00:39:34]} {[%emt 00:04:10]} 16. Qc3 {[%clk 00:17:01]}
{[%emt 00:06:07]} Ne6 {[%clk 00:38:28]} {[%emt 00:01:36]} 17. g4 {[%clk
00:12:33]} {[%emt 00:04:58]} Nxd4 {[%clk 00:34:38]} {[%emt 00:04:21]} 18. Qxd4
{[%clk 00:12:47]} {[%emt 00:00:16]} Bg6 {[%clk 00:34:28]} {[%emt 00:00:39]} 19.
Qxg7 {[%clk 00:12:20]} {[%emt 00:00:57]} O-O-O {[%clk 00:32:37]} {[%emt
00:02:22]} 20. Qd4 {[%clk 00:09:19]} {[%emt 00:03:30]} c5 {[%clk 00:30:39]}
{[%emt 00:02:28]} 21. Qf4 {[%clk 00:08:16]} {[%emt 00:01:33]} Rhe8 {[%clk
00:27:27]} {[%emt 00:03:42]} 22. h4 {[%clk 00:06:46]} {[%emt 00:01:59]} f6
{[%clk 00:23:21]} {[%emt 00:04:37]} 23. h5 {[%clk 00:05:22]} {[%emt 00:01:54]}
Bf7 {[%clk 00:23:43]} {[%emt 00:00:08]} 24. Rd3 {[%clk 00:03:05]} {[%emt
00:02:47]} Qe5 {[%clk 00:22:34]} {[%emt 00:01:39]} 25. Qa4 {[%clk 00:00:55]}
{[%emt 00:02:41]} Kb8 {[%clk 00:19:45]} {[%emt 00:03:19]} 26. e3 {[%clk
00:01:05]} {[%emt 00:00:19]} d4 {[%clk 00:18:44]} {[%emt 00:01:32]} 27. Ra3
{[%clk 00:01:24]} {[%emt 00:00:10]} a6 {[%clk 00:18:38]} {[%emt 00:00:36]} 28.
Bxa6 {[%clk 00:01:32]} {[%emt 00:00:23]} bxa6 {[%clk 00:11:07]} {[%emt
00:08:01]} 29. Qxa6 {[%clk 00:01:58]} {[%emt 00:00:04]} Bd5 {[%clk 00:10:22]}
{[%emt 00:01:15]} 30. Qa7+ {[%clk 00:02:22]} {[%emt 00:00:06]} Kc8 {[%clk
00:10:48]} {[%emt 00:00:04]} 31. Qxc5+ {[%clk 00:02:14]} {[%emt 00:00:38]} Qc7
{[%clk 00:10:34]} {[%emt 00:00:43]} 32. exd4 {[%clk 00:02:23]} {[%emt
00:00:21]} Re2 {[%clk 00:10:10]} {[%emt 00:00:55]} 33. Rd1 {[%clk 00:01:27]}
{[%emt 00:01:26]} Rf2 {[%clk 00:09:07]} {[%emt 00:01:33]} 34. Rc3 {[%clk
00:01:14]} {[%emt 00:00:43]} Qxc5 {[%clk 00:09:19]} {[%emt 00:00:18]} 35. dxc5
{[%clk 00:01:24]} {[%emt 00:00:20]} Bxf3 {[%clk 00:09:22]} {[%emt 00:00:26]}
36. Rxd8+ {[%clk 00:00:47]} {[%emt 00:01:08]} Kxd8 {[%clk 00:09:48]} {[%emt
00:00:03]} 37. Rc4 {[%clk 00:00:41]} {[%emt 00:00:36]} Rg2 {[%clk 00:06:20]}
{[%emt 00:03:58]} 38. Rf4 {[%clk 00:01:02]} {[%emt 00:00:09]} Bxg4 {[%clk
00:06:42]} {[%emt 00:00:08]} 39. Rxf6 {[%clk 00:01:27]} {[%emt 00:00:06]} Bxh5
{[%clk 00:07:03]} {[%emt 00:00:09]} 40. a4 {[%clk 00:00:43]} {[%emt 00:01:14]}
Bg6 {[%clk 00:03:10]} {[%emt 00:04:23]} 41. b4 {[%clk 00:00:39]} {[%emt
00:00:34]} Rc2+ {[%clk 00:30:18]} {[%emt 00:03:21]} 42. Kd1 {[%clk 00:31:02]}
{[%emt 00:00:07]} Rc4 {[%clk 00:30:13]} {[%emt 00:00:35]} 43. Rb6 {[%clk
00:18:35]} {[%emt 00:12:58]} Bc2+ {[%clk 00:29:32]} {[%emt 00:01:10]} 44. Kd2
{[%clk 00:19:01]} {[%emt 00:00:04]} Bxa4 {[%clk 00:29:55]} {[%emt 00:00:07]}
45. Kd3 {[%clk 00:19:26]} {[%emt 00:00:05]} Rh4 {[%clk 00:21:37]} {[%emt
00:08:48]} 46. b5 {[%clk 00:18:41]} {[%emt 00:01:15]} Ke7 {[%clk 00:12:50]}
{[%emt 00:09:17]} 47. Rb8 {[%clk 00:15:07]} {[%emt 00:04:05]} h5 {[%clk
00:10:50]} {[%emt 00:02:30]} 48. Ke3 {[%clk 00:11:15]} {[%emt 00:04:21]} Rc4
{[%clk 00:08:55]} {[%emt 00:02:26]} 49. c6 {[%clk 00:11:27]} {[%emt 00:00:18]}
Rc5 {[%clk 00:08:23]} {[%emt 00:01:01]} 50. Rb7+ {[%clk 00:10:14]} {[%emt
00:01:43]} Kd8 {[%clk 00:08:01]} {[%emt 00:00:53]} 51. Rb8+ {[%clk 00:08:54]}
{[%emt 00:01:50]} Kc7 {[%clk 00:07:26]} {[%emt 00:01:04]} 52. Rb7+ {[%clk
00:08:22]} {[%emt 00:01:02]} Kd6 {[%clk 00:07:50]} {[%emt 00:00:06]} 53. Kd4
{[%clk 00:07:07]} {[%emt 00:01:45]} Rd5+ {[%clk 00:06:12]} {[%emt 00:02:09]}
54. Kc4 {[%clk 00:06:18]} {[%emt 00:01:18]} Bxb5+ {[%clk 00:06:15]} {[%emt
00:00:27]} 55. Rxb5 {[%clk 00:06:39]} {[%emt 00:00:09]} Rxb5 {[%clk 00:06:41]}
{[%emt 00:00:04]} 56. Kxb5 {[%clk 00:07:05]} {[%emt 00:00:05]} Kc7 {[%clk
00:07:03]} {[%emt 00:00:08]} 0-1

[Event "DVM U20 2020"]
[Site "Willingen GER"]
[Date "2021.06.26"]
[Round "6"]
[White "Seref, Erdogan"]
[Black "Foo, Tzun Hong"]
[Result "1-0"]
[Termination "normal"]
[Board "4.5"]
[WhiteElo "1985"]
[BlackElo "1909"]
[WhiteClock "00:08:35"]
[BlackClock "00:00:44"]
[WhiteTeam "Schachfreunde Brackel 1930 e. V."]
[BlackTeam "Hamburger SK von 1830"]
[PlyCount "59"]
[WhiteFideId "16206827"]
[BlackFideId "12974200"]
[EventCountry "GER"]
[EventRounds "7"]
[EventType "team-swiss"]
[EventDate "2021.06.23"]

1. Nf3 {[%clk 01:30:40]} {[%emt 00:00:19]} d5 {[%clk 01:30:45]} {[%emt
00:00:16]} 2. g3 {[%clk 01:29:19]} {[%emt 00:01:51]} e6 {[%clk 01:28:47]}
{[%emt 00:02:28]} 3. Bg2 {[%clk 01:29:36]} {[%emt 00:00:13]} Nf6 {[%clk
01:28:41]} {[%emt 00:00:36]} 4. O-O {[%clk 01:29:53]} {[%emt 00:00:13]} Be7
{[%clk 01:29:08]} {[%emt 00:00:04]} 5. b3 {[%clk 01:26:15]} {[%emt 00:04:07]}
O-O {[%clk 01:23:30]} {[%emt 00:06:08]} 6. Bb2 {[%clk 01:25:12]} {[%emt
00:01:33]} c5 {[%clk 01:19:54]} {[%emt 00:04:06]} 7. c4 {[%clk 01:22:06]}
{[%emt 00:03:36]} d4 {[%clk 01:17:43]} {[%emt 00:02:41]} 8. b4 {[%clk
01:15:20]} {[%emt 00:07:16]} a5 {[%clk 01:14:09]} {[%emt 00:04:04]} 9. bxc5
{[%clk 01:14:20]} {[%emt 00:01:30]} Nc6 {[%clk 01:08:52]} {[%emt 00:05:48]} 10.
e3 {[%clk 01:07:35]} {[%emt 00:07:15]} e5 {[%clk 01:03:59]} {[%emt 00:05:23]}
11. exd4 {[%clk 01:06:24]} {[%emt 00:01:41]} exd4 {[%clk 01:03:34]} {[%emt
00:00:54]} 12. d3 {[%clk 01:03:11]} {[%emt 00:03:44]} Bxc5 {[%clk 00:51:51]}
{[%emt 00:12:12]} 13. Na3 {[%clk 01:01:58]} {[%emt 00:01:43]} a4 {[%clk
00:41:44]} {[%emt 00:10:37]} 14. Nb5 {[%clk 00:58:36]} {[%emt 00:03:52]} Bf5
{[%clk 00:23:02]} {[%emt 00:19:12]} 15. a3 {[%clk 00:56:13]} {[%emt 00:02:54]}
Qd7 {[%clk 00:16:05]} {[%emt 00:07:27]} 16. Qd2 {[%clk 00:51:46]} {[%emt
00:04:57]} Rfe8 {[%clk 00:06:24]} {[%emt 00:10:10]} 17. Rfe1 {[%clk 00:45:47]}
{[%emt 00:06:28]} Ng4 {[%clk 00:04:53]} {[%emt 00:02:03]} 18. Nh4 {[%clk
00:39:52]} {[%emt 00:06:25]} h6 {[%clk 00:01:28]} {[%emt 00:03:54]} 19. Nc7
{[%clk 00:24:34]} {[%emt 00:15:48]} Qxc7 {[%clk 00:00:39]} {[%emt 00:01:19]}
20. Nxf5 {[%clk 00:24:25]} {[%emt 00:00:40]} Nge5 {[%clk 00:00:37]} {[%emt
00:00:31]} 21. Be4 {[%clk 00:21:49]} {[%emt 00:03:06]} Qd7 {[%clk 00:00:45]}
{[%emt 00:00:22]} 22. Kg2 {[%clk 00:18:12]} {[%emt 00:04:08]} Qe6 {[%clk
00:00:47]} {[%emt 00:00:28]} 23. h3 {[%clk 00:15:39]} {[%emt 00:03:02]} Qf6
{[%clk 00:00:47]} {[%emt 00:00:30]} 24. Rab1 {[%clk 00:13:07]} {[%emt
00:03:01]} Bb6 {[%clk 00:00:41]} {[%emt 00:00:37]} 25. Qc2 {[%clk 00:11:48]}
{[%emt 00:01:49]} Ba5 {[%clk 00:00:40]} {[%emt 00:00:31]} 26. Rf1 {[%clk
00:11:10]} {[%emt 00:01:07]} Qg5 {[%clk 00:00:36]} {[%emt 00:00:36]} 27. f4
{[%clk 00:09:14]} {[%emt 00:02:25]} Qf6 {[%clk 00:00:40]} {[%emt 00:00:26]} 28.
fxe5 {[%clk 00:08:42]} {[%emt 00:01:02]} Qxe5 {[%clk 00:00:48]} {[%emt
00:00:22]} 29. Qf2 {[%clk 00:08:30]} {[%emt 00:00:41]} Bc3 {[%clk 00:00:44]}
{[%emt 00:00:35]} 30. Nxh6+ {[%clk 00:08:35]} {[%emt 00:00:25]} 1-0